Spell the Marvel Character #242 - Statistics

General Stats
  • This quiz has been taken 13 times
  • The average score is 10 of 11
Answer Stats
Picture Answer % Correct
Hawkeye
100%
Iron Man
100%
She-Hulk
100%
Thing
100%
Thor
100%
Elektra
82%
Okoye
82%
Energizer
73%
Luna Snow
73%
Silhouette
73%
U-Go Girl
73%
No matching quizzes found
Score Distribution
Percent of People with Each Score
Percentile by Number Answered
Your Score History
You have not taken this quiz